Normal view
MARC view
- Mir Gul Khan Nasir
Entry Personal Name
001 - CONTROL NUMBER
- control field: 4568
003 - CONTROL NUMBER IDENTIFIER
- control field: NUST
005 - DATE AND TIME OF LATEST TRANSACTION
- control field: 20170913123642.0
008 - FIXED-LENGTH DATA ELEMENTS
- fixed length control field: 170913|| aca||aabn | a|a d
040 ## - CATALOGING SOURCE
- Original cataloging agency: NUST
- Transcribing agency: NUST
100 ## - HEADING--PERSONAL NAME
- Personal name: Mir Gul Khan Nasir
670 ## - SOURCE DATA FOUND
- Source citation: Work cat.: (NUST): Mir Gul Khan Nasir, Balūcistān ke Sarḥadī chāpahmār aur gorial jangjo /
